WWE Champions by Year - 2016 - Statistics

General Stats
  • This quiz has been taken 372 times
  • The average score is 32 of 37
Answer Stats
Title Date Event Wrestler % Correct
WWE World Heavyweight Apr 3 WrestleMania 32 Roman Reigns
99%
United States Sep 25 Clash of Champions Roman Reigns
99%
WWE World Heavyweight Jun 19 Money in the Bank Seth Rollins
99%
WWE World Heavyweight Jun 19 Money in the Bank Dean Ambrose
98%
WWE World Heavyweight Jan 26 Royal Rumble Triple H
97%
Smackdown Women's Sep 11 Backlash Becky Lynch
95%
WWE Women's Apr 3 WrestleMania 32 Charlotte Flair
95%
Raw Women's Aug 21 SummerSlam Charlotte Flair
95%
Raw Women's Oct 30 Hell in a Cell Charlotte Flair
95%
Raw Women's Dec 18 Roadblock: End of the Line Charlotte Flair
95%
Universal Aug 29 Raw Kevin Owens
95%
Intercontinental Feb 15 Raw Kevin Owens
95%
Intercontinental Apr 4 Raw The Miz
95%
Intercontinental Nov 15 Smackdown Live The Miz
95%
WWE Championship Sep 11 Backlash AJ Styles
94%
Universal Aug 21 SummerSlam Finn Balor
94%
Raw Women's Jul 25 Raw Sasha Banks
93%
Raw Women's Oct 3 Raw Sasha Banks
93%
Raw Women's Nov 28 Raw Sasha Banks
93%
Raw Tag Team Dec 18 Roadblock: End of the Line Sheamus
91%
Raw Tag Team Dec 18 Roadblock: End of the Line Cesaro
90%
Intercontinental Oct 9 No Mercy Dolph Ziggler
89%
Smackdown Tag Team Dec 4 TLC Randy Orton
87%
Smackdown Tag Team Dec 4 TLC Bray Wyatt
85%
Smackdown Women's Dec 4 TLC Alexa Bliss
84%
Intercontinental Apr 3 WrestleMania 32 Zack Ryder
84%
United States May 22 Extreme Rules Rusev
82%
Smackdown Tag Team Sep 11 Backlash Heath Slater
75%
Smackdown Tag Team Sep 11 Backlash Rhyno
75%
Cruiserweight Sep 14 Cruiserweight Classic TJ Perkins
71%
United States Jan 14 Smackdown Live Alberto Del Rio
69%
United States Jan 11 Raw Kalisto
69%
United States Jan 24 Royal Rumble Kalisto
69%
Smackdown Tag Team Dec 27 Smackdown Live Chad Gable
60%
Smackdown Tag Team Dec 27 Smackdown Live Jason Jordan
60%
Cruiserweight Oct 30 Hell in a Cell The Brian Kendrick
57%
Cruiserweight Nov 26 205 Live Rich Swann
45%
No matching quizzes found
Score Distribution
Percent of People with Each Score
Percentile by Number Answered
Your Score History
You have not taken this quiz